000 01266nam a2200217 4500
999 _c7252
_d7252
020 _a9780071261890
020 _a0071261893
050 _aT58.6
_b.O26
100 _aO'Brien, James A.
245 _aEnterprise information systems
_cJames A. O'Brien, George M. Marakas.
250 _a13th ed.
260 _aBoston :
_bMcGraw-Hill/Irwin,
_c©2007
300 _axxxi, 543 pages :
_bcolor illustrations ;
_c 28 cmm
500 _aIncludes index
505 _aModule i.--FOUNDATION CONCEPTS.-- Foundations of enterprise information systems.-- Information technology as a competitive advantage.--Module ii.--INFORMATION TECHNOLOGIES.-- Information systems hardware.-- Information systems software.-- Data management.-- Networks and telecommunications.--Module iii.--BUSINESS APPLICATIONS.-- Electronic business systems.-- Electronic commerce systems.-- Decision support systems.--Module iv.--DEVELOPMENT PROCESSES.-- Developing enterprise/IT solutions.--Module v. --MANAGEMENT CHALLENGES.-- Ethics and security.-- Local and international management of information technology.
650 _aBusiness - Data processing.
650 _aManagement information systems.
650 _aElectronic commerce.
700 _aMarakas. George M.
942 _cBK